Parce qu'on sait jamais - Christophe Maé, paroles - Statistiques

Statistiques générales
  • Ce quiz a été pris 34 fois
  • Le résultat moyen est 80 sur 128
Statistiques - réponses
Hint Réponse % Correct
à
100%
Refrain a
100%
Refrain jamais
100%
On
100%
on
100%
Refrain Parce
100%
Refrain qu'on
100%
Refrain sa
100%
le
97%
Refrain un
97%
Refrain haut
94%
Refrain sait
94%
vers
94%
Refrain après
91%
Refrain y
91%
Refrain regarde
88%
Refrain peau
84%
Refrain sauvé
84%
Refrain S'il
84%
Refrain Au
81%
Refrain moins
75%
de
59%
De
59%
est
56%
du
47%
nous
47%
se
47%
les
44%
Qui
44%
qui
44%
tout
44%
bas
41%
Tant
41%
il
41%
quand
41%
Quand
41%
alors
38%
capable
38%
des
38%
heure
38%
ton
38%
arrivera
34%
Et
34%
et
34%
faciles
34%
mea
34%
plaisir
34%
pour
34%
Saint
34%
Thomas
34%
croire
31%
culpa
31%
met
31%
peu
31%
retiennent
31%
d'envies
28%
dire
28%
faut
28%
mauvaises
28%
puériles
28%
toutes
28%
encore
25%
vouloir
25%
mourir
22%
n'importe
22%
pourrait
22%
quel
22%
avoir
19%
bras
19%
cru
19%
D'y
19%
faire
19%
foies
19%
Prêts
19%
racheter
19%
tellement
19%
baisse
16%
venir
16%
deal
13%
bâtonner
6%
Refrain mois
3%
Aucun quiz correspondant
Distribution des résultats
% des personnes avec chaque résultat
Percentile par nombre de réponses
Votre historique - résultats
Vous n’avez pas pris ce quiz